000 00304nam a22001337a 4500
008 170831b xxu||||| |||| 00| 0 eng d
020 _a9780138980658
041 _aeng
080 _a621.397.13
100 _a40
101 _aMED
245 _aTELEVISION, CABLE AND RADIO
_cWILLIS,E.E
942 _2udc
_cBK
999 _c25849
_d25849